La política del gobierno mexicano frente al fenómeno migratorio /

El objetivo de este texto es evidenciar cómo la falta de una política migratoria ha afectado las relaciones de México con otros países, principalmente los centroamericanos, por los diferentes intereses que pretende resguardar: el respecto a los derechos humanos de los extranjeros y la prohibición de...

Descripció completa

Guardat en:
Dades bibliogràfiques
Autor principal: Guadarrama Muñoz, Alma Cossette
Format: Llibre
Idioma:Spanish
Publicat: El Salvador ECA 2007
Matèries:
Etiquetes: Afegir etiqueta
Sense etiquetes, Sigues el primer a etiquetar aquest registre!

MARC

LEADER 00000nam a2200000 4500
003 cru CIDCACS/IIS
005 20190304154204.0
007 ta
008 190304b ||||| |||| 00| 0 spa d
999 |c 42229  |d 42229 
040 |c cru CIDCACS/IIS 
090 |a REV0452 62 (706) 2007 
100 |9 8364  |a Guadarrama Muñoz, Alma Cossette 
245 |a La política del gobierno mexicano frente al fenómeno migratorio /   |c Alma Cossette Guadarrama Muñoz 
260 |a El Salvador  |b ECA  |c 2007 
300 |a páginas 681-695 
520 |a El objetivo de este texto es evidenciar cómo la falta de una política migratoria ha afectado las relaciones de México con otros países, principalmente los centroamericanos, por los diferentes intereses que pretende resguardar: el respecto a los derechos humanos de los extranjeros y la prohibición de transitar para las personas indocumentadas. De esta manera, se demuestra la necesidad de que el Gobierno mexicano cuente con una política sólida que incida de manera positiva en cada uno de los flujos migratorios a los que México se ve expuesto por un país de origen, tránsito y destino 
650 0 |9 299  |a MIGRACION 
650 4 |9 4495  |a MIGRACION INTERNACIONAL 
650 0 |9 37  |a POLITICA MIGRATORIA 
651 0 |9 3410  |a MEXICO 
773 0 |0 18723  |9 2720  |a Universidad Centroamericana José Simeón Cañas (UCA)  |d San Salvador, El Salvador Universidad Centroamericana José Simeón  |o 04222  |t ECA: 
942 |2 ddc  |c PP